[Event "aut_ychb18 Bad Ischl"]
[Site "?"]
[Date "2007.04.04"]
[Round "7.7"]
[White "Pfneiszl, Markus"]
[Black "Wetscher, Wolfgang"]
[Result "1-0"]
[WhiteElo "1893"]
[BlackElo "1663"]
[PlyCount "47"]
[EventDate "2007.03.31"]

1. e4 d5 2. exd5 Qxd5 3. Nc3 Qa5 4. d4 Nf6 5. Nf3 c6 6. Bc4 Bf5 7. Bd2 Qd8 8.
Bb3 e6 9. Qe2 Be7 10. O-O-O Nbd7 11. Ne5 Nxe5 12. dxe5 Nd5 13. f4 h6 14. g4 Bh7
15. Rhf1 Qc7 16. f5 exf5 17. Bxd5 cxd5 18. Nxd5 Qc6 19. Nxe7 Kxe7 20. Bb4+ Ke8
21. gxf5 Rc8 22. b3 g6 23. Rd6 Qc7 24. Qb5+ 1-0

[Event "aut_ychb18 Bad Ischl"]
[Site "?"]
[Date "2007.04.04"]
[Round "7.8"]
[White "Reinwald, Patrick"]
[Black "Klocker, Benedikt"]
[Result "0-1"]
[WhiteElo "1865"]
[BlackElo "2008"]
[PlyCount "70"]
[EventDate "2007.03.31"]

1. e4 c5 2. d4 cxd4 3. c3 dxc3 4. Nxc3 d6 5. Bc4 e6 6. Nf3 Bd7 7. O-O a6 8. Qe2
Be7 9. Rd1 Nf6 10. Bf4 Qc7 11. Rac1 Nc6 12. Bb3 O-O 13. Nd5 exd5 14. exd5 Qd8
15. dxc6 Bxc6 16. Nd4 Bd7 17. Re1 Re8 18. Qc4 d5 19. Qd3 Rc8 20. h3 Qb6 21. Nf5
Bc5 22. Rxe8+ Rxe8 23. Bxd5 Bxf2+ 24. Kh2 Nxd5 25. Qxd5 Be6 26. Qe5 f6 27. Nh6+
gxh6 28. Qxf6 Bd4 29. Qxh6 Bg7 30. Qg5 Qxb2 31. Rc7 Qf6 32. Qg3 Bd5 33. Rc2 Qg6
34. Qf2 Rf8 35. Rc5 Rxf4 0-1

[Event "aut_ychb18 Bad Ischl"]
[Site "?"]
[Date "2007.04.04"]
[Round "7.9"]
[White "Bisztyga, Oliver"]
[Black "Schmid, Andreas"]
[Result "0-1"]
[WhiteElo "1600"]
[BlackElo "1927"]
[PlyCount "42"]
[EventDate "2007.03.31"]

1. e4 c5 2. Nc3 Nc6 3. g3 g6 4. Bg2 Bg7 5. d3 d6 6. f4 e6 7. Nf3 Nge7 8. O-O
O-O 9. Be3 b6 10. Rb1 d5 11. exd5 exd5 12. d4 Nf5 13. Bf2 cxd4 14. Nxd5 Ba6 15.
b3 Bxf1 16. Kxf1 Rc8 17. a3 Qxd5 18. Nxd4 Qd6 19. Nb5 Qxd1+ 20. Rxd1 a6 21.
Bxc6 Rxc6 0-1